[Event "Wch U14 Girls"]
[Site "Khanty-Mansiysk"]
[Date "2016.09.29"]
[Round "7"]
[White "Skaslien, Ingrid"]
[Black "Khannanova, Lina"]
[Result "1-0"]
[WhiteElo "1588"]
[BlackElo "1397"]
[PlyCount "125"]
[EventDate "2016.09.22"]
[EventType "swiss"]
[EventRounds "11"]
[EventCountry "RUS"]
[SourceTitle "EXT 2017"]
[Source "ChessBase"]
[SourceDate "2016.10.25"]
[SourceVersion "1"]
[SourceVersionDate "2016.10.25"]
[SourceQuality "1"]

1. d4 f5 2. Bg5 Nf6 3. Bxf6 exf6 4. e3 Be7 5. Bd3 d5 6. Ne2 0-0 7. Ng3 g6 8. h4 Qd6 9. Nc3 Be6 10. h5 Qd7 11. Qf3 Nc6 12. hxg6 hxg6 13. Nge2 Nb4 14. Qh3 Nxd3+ 15. cxd3 Kf7 16. Qh7+ Ke8 17. Qxg6+ Bf7 18. Qg3 c6 19. Qf3 Bd6 20. Ng3 Bxg3 21. Qxg3 Ke7 22. Kd2 Rh8 23. Rh3 Qd6 24. Qxd6+ Kxd6 25. Rah1 Rxh3 26. Rxh3 b5 27. a4 a6 28. Rh7 Ke6 29. b3 b4 30. Ne2 Rc8 31. Nf4+ Ke7 32. f3 Rc7 33. e4 fxe4 34. dxe4 dxe4 35. fxe4 Kd6 36. Rh3 c5 37. dxc5+ Rxc5 38. Nd3 Rg5 39. Nxb4 Rxg2+ 40. Kc3 a5 41. Nd3 Re2 42. Rh7 Bg6 43. Rh6 Bxe4 44. Rxf6+ Ke7 45. Rf1 Re3 46. Rd1 Ke6 47. Kc4 Bf3 48. Nc5+ Kf5 49. Rf1 Ke5 50. Nd3+ Ke4 51. Nc1 Kf4 52. Kb5 Re5+ 53. Kb6 Kg4 54. Rg1+ Kf5 55. Nd3 Re3 56. Nc5 Rc3 57. Rb1 Ke5 58. Nb7 Be4 59. Rb2 Bxb7 60. Kxb7 Kd5 61. Kb6 Rc8 62. Rd2+ Ke6 63. Kxa5 1-0

[Event "Moscow Region-ch"]
[Site "Kolomna"]
[Date "2015.10.20"]
[Round "7"]
[White "Khannanova, Lina"]
[Black "Zverev, Valentin"]
[Result "0-1"]
[WhiteElo "1320"]
[BlackElo "1622"]
[PlyCount "134"]
[EventDate "2015.10.16"]
[EventType "swiss"]
[EventRounds "9"]
[EventCountry "RUS"]
[SourceTitle "CBM 169 Extra"]
[Source "ChessBase"]
[SourceDate "2015.12.18"]
[SourceVersion "1"]
[SourceVersionDate "2015.12.18"]
[SourceQuality "1"]

1. e4 c6 2. d4 d5 3. e5 Bf5 4. Nf3 e6 5. Be2 c5 6. c3 Nc6 7. 0-0 Nh6 8. a3 Qb6 9. b4 cxd4 10. cxd4 Be7 11. Bb2 0-0 12. Nbd2 Rac8 13. h3 Rc7 14. Rc1 a6 15. Nb3 Be4 16. Kh2 Bxf3 17. gxf3 Bg5 18. Rc2 Nf5 19. Qd3 Bf4+ 20. Kg1 Rfc8 21. Bd1 h5 22. Rc5 Nce7 23. Be2 Qa7 24. Bc1 Ng6 25. Bd2 b5 26. Rfc1 Rxc5 27. Rxc5 Ra8 28. Bc1 Qe7 29. Kf1 Qh4 30. Ke1 Qxh3 31. Bf1 Qh1 32. Rc2 h4 33. Ke2 h3 34. Bxh3 Qxh3 35. Ra2 Bxc1 36. Nxc1 Nf4+ 37. Kd2 Nxd3 38. Kxd3 Qxf3+ 39. Kc2 Nxd4+ 40. Kb1 Rc8 41. a4 Rxc1+ 42. Kxc1 Qc3+ 43. Kb1 Qxb4+ 44. Rb2 Qxa4 45. Kc1 Qc2+ 46. Rxc2 Nxc2 47. Kxc2 Kh7 48. Kc3 Kg6 49. Kd4 Kf5 50. f4 Kxf4 51. Kc5 g5 52. Kd4 g4 53. Kd3 Kf3 54. Kc3 g3 55. Kb4 g2 56. Ka5 g1Q 57. Kb4 Qc1 58. Ka5 Qa1+ 59. Kb4 a5+ 60. Kxb5 a4 61. Kc5 a3 62. Kd6 a2 63. Ke7 Qxe5 64. Kxf7 a1R 65. Kg6 Qf5+ 66. Kg7 Rg1+ 67. Kh6 Qh3# 0-1